| 000 | 00599cam a2200241 4500 | ||
|---|---|---|---|
| 001 | 4565546 | ||
| 005 | 20180314094338.0 | ||
| 008 | 731220s1973 enka b 001 0 eng | ||
| 010 | _a 73179322 | ||
| 015 | _aGB73-25499 | ||
| 020 | _a090087466X | ||
| 020 | _a0900874651 (pbk.) | ||
| 040 |
_aDLC _cDLC _dDLC |
||
| 041 | _aeng | ||
| 080 | _a730.924 MOR | ||
| 082 | 0 | 0 | _a730.924 MOR |
| 100 | 1 | _a44 | |
| 101 | _aART | ||
| 245 | 0 | 0 | _aWilliam Turnbull: |
| 504 | _aBibliography: p. 73-74. | ||
| 906 |
_a7 _bcbc _corignew _d2 _encip _f19 _gy-gencatlg |
||
| 942 |
_2ddc _cBK |
||
| 999 |
_c45048 _d45048 |
||